000 00695nam a2200241Ia 4500
001 28996
005 20240114001114.0
007 ta
008 060621s1927 g b000 u 465 u
040 _aCotton College,Assam
041 _a465
082 _a904
_bT 728 P
100 _aTrevelyan, George Macaulay.
245 0 _aThe Present Position of History: An Inaugural Lecture /
_cGeorge Macaulay Trevelyan.
_hTextual Documents
250 _a1st ed. /
260 _aLondon :
_bLongmans, Green & Co. ,
_c1927.
300 _a29p. ;
_c22cm.
653 _aHistory-Lecture on Present Position
653 _aG-Geography
942 _2ddc
_cBK
999 _c28978
_d28978